| 000 | 00784cam a22002531 4500 | ||
|---|---|---|---|
| 999 |
_c4171 _d4171 |
||
| 001 | 7335117 | ||
| 003 | GBCCL | ||
| 005 | 20241126110512.0 | ||
| 008 | 720809s1927 xx 000 0 eng | ||
| 010 | _a 28003699 | ||
| 035 | _a(OCoLC)376970 | ||
| 040 |
_aDLC _cONowdM _dOCH _dDLC |
||
| 042 | _apremarc | ||
| 050 | 0 | 0 |
_aBS2330 _b.M33 |
| 082 |
_a225.61 _bMCN |
||
| 100 | 1 |
_aMcNeile, A. H. _q(Alan Hugh), _d1871-1933. _94206 |
|
| 245 | 1 | 3 |
_aAn introduction to the study of the New Testament, _cby A. H. McNeile. |
| 260 |
_aOxford, _bThe Clarendon press, _c1927. |
||
| 300 |
_a4 p. l., 478 p.,1 l. _c22 cm. |
||
| 504 | _aContains bibliographies. | ||
| 630 | 0 | 0 |
_aBible. _pNew Testament _vIntroductions. _93504 |
| 906 |
_a7 _bcbc _coclcrpl _du _encip _f19 _gy-gencatlg |
||
| 942 |
_2ddc _cBK _017 |
||